La poesía pura / (Record no. 134667)
[ view plain ]
| 000 -LEADER | |
|---|---|
| campo de control de longitud fija | 00780nam a2200217 i 4500 |
| 001 - NÚMERO DE CONTROL | |
| campo de control | 134667 |
| 003 - IDENTIFICADOR DE NÚMERO DE CONTROL | |
| campo de control | ES-MaACL |
| 005 - FECHA Y HORA DE LA ÚLTIMA TRANSACCIÓN | |
| campo de control | 20230906194724.0 |
| 007 - CAMPO FIJO DE DESCRIPCIÓN FÍSICA--INFORMACIÓN GENERAL | |
| campo de control de longitud fija | t| |
| 008 - DATOS DE LONGITUD FIJA--INFORMACIÓN GENERAL | |
| campo de control de longitud fija | 070912s1944 it ||||1| ita d |
| 100 1# - ENTRADA PRINCIPAL--NOMBRE DE PERSONA | |
| Nombre de persona | Veïdle, Vladimir Vasil'evich. |
| 9 (RLIN) | 113657 |
| 245 13 - MENCIÓN DEL TÍTULO | |
| Título | La poesía pura / |
| Mención de responsabilidad, etc. | con una nota di Giarcarlo Vigorelli ; queste pagine, tradotte da Enrica Castellani, sono un capitolo dell'opera di W. Weidlé: Les abeilles de Aristée. |
| 260 ## - PUBLICACIÓN, DISTRIBUCIÓN, ETC. | |
| Lugar de publicación, distribución, etc. | Padova : |
| Nombre del editor, distribuidor, etc. | Cedam, |
| Fecha de publicación, distribución, etc. | 1944. |
| 300 ## - DESCRIPCIÓN FÍSICA | |
| Extensión | 66 p. ; |
| Dimensiones | 20 cm. |
| 490 1# - MENCIÓN DE SERIE | |
| Mención de serie | Guide di cultura contemporanea |
| 700 1# - ENTRADA AGREGADA--NOMBRE PERSONAL | |
| Nombre de persona | Vigorelli, Giancarlo. |
| 9 (RLIN) | 114669 |
| 700 1# - ENTRADA AGREGADA--NOMBRE PERSONAL | |
| Nombre de persona | Castellani, Enrica. |
| 9 (RLIN) | 36501 |
| 830 0# - PUNTO DE ACCESO ADICIONAL DE SERIE-TÍTULO UNIFORME | |
| Título uniforme | Guide di cultura contemporanea |
| 9 (RLIN) | 186982 |
| 852 ## - LOCALIZACIÓN | |
| Ubicación | ES-MaACL |
| Número de control de estantería | 1911-F-2 |
| Sublocalización o colección | R.29569 |
| Estatus retirado | Estado de pérdida | Estado de daño | No para préstamo | Colección | Biblioteca de origen | Biblioteca actual | Ubicación en estantería | Fecha de adquisición | Fuente de adquisición | Total de préstamos | Signatura topográfica completa | Código de barras | Visto por última vez | Precio de reemplazo | Tipo de ítem Koha |
|---|---|---|---|---|---|---|---|---|---|---|---|---|---|---|---|
| Colección de folletos | Biblioteca del Ateneo de Madrid | Biblioteca del Ateneo de Madrid | Depósito folletos | 17/01/2008 | 1911-F-2 | 1140171 | 23/02/2023 | 23/02/2023 | Folleto |
